| 000 | 00516nam a22002057a 4500 | ||
|---|---|---|---|
| 003 | OSt | ||
| 005 | 20140310182909.0 | ||
| 008 | 130128t xxu||||| |||| 00| 0 eng d | ||
| 020 | _a971232141X | ||
| 050 |
_aPN 1111 _b.Ag283 1997 |
||
| 082 |
_aFIL 821.008 _bC86 1997 |
||
| 245 |
_aCritiques on poetry _cAguilar, Celedonio G. |
||
| 260 |
_aManila _bRex _cc1997 |
||
| 300 |
_a149 p. _c22 cm. |
||
| 521 | _acollege students | ||
| 526 | _c1210L-1700L | ||
| 541 | _j1 | ||
| 562 | _e1 | ||
| 942 |
_2lcc _cBK _kFIL |
||
| 999 |
_c17191 _d17191 |
||